Biblioteca y Centro de Documentación

L'emploi des seniors (Registro nro. 41445)

Detalles MARC
000 -CABECERA
Longitud fija campo de control 01018naa a2200301 c 4500
001 - NÚMERO DE CONTROL
Número de control 41445
003 - IDENTIFICADOR DE NÚMERO DE CONTROL
Identificador del número de control ES-MaCES
005 - FECHA Y HORA DE LA ÚLTIMA TRANSACCIÓN
Fecha y hora de la última transacción 20150724120107.0
008 - CAMPO FIJO DE DESCRIPCIÓN FIJA--INFORMACIÓN GENERAL
Códigos de información de longitud fija   110317n2010 fr t 000 | fre d
035 ## - NÚMERO DE CONTROL DEL SISTEMA
Número de control del sistema CES20110003373v
040 ## - FUENTE DE CATALOGACIÓN
Centro catalogador de origen ES-MaCES
Lengua de catalogación spa
Centro transcriptor ES-MaCES
100 1# - ENCABEZAMIENTO PRINCIPAL--NOMBRE PERSONAL
Nombre de persona Defresne, Marion
9 (RLIN) 10459
245 12 - MENCIÓN DE TÍTULO
Título L'emploi des seniors
Mención de responsabilidad, etc. Marion Defresne, Pierre Marioni, Céline Thévenot
650 #4 - ASIENTO SECUNDARIO DE MATERIA--TÉRMINO DE MATERIA
Término de materia o nombre geográfico como elemento inicial evaluación profesional
9 (RLIN) 29328
650 #4 - ASIENTO SECUNDARIO DE MATERIA--TÉRMINO DE MATERIA
Término de materia o nombre geográfico como elemento inicial estrategia de gestión
9 (RLIN) 30591
650 #4 - ASIENTO SECUNDARIO DE MATERIA--TÉRMINO DE MATERIA
Término de materia o nombre geográfico como elemento inicial trabajador de edad avanzada
9 (RLIN) 28410
650 #4 - ASIENTO SECUNDARIO DE MATERIA--TÉRMINO DE MATERIA
Término de materia o nombre geográfico como elemento inicial alta dirección
9 (RLIN) 28192
650 #4 - ASIENTO SECUNDARIO DE MATERIA--TÉRMINO DE MATERIA
Término de materia o nombre geográfico como elemento inicial planificación corporativa
9 (RLIN) 30332
650 #4 - ASIENTO SECUNDARIO DE MATERIA--TÉRMINO DE MATERIA
Término de materia o nombre geográfico como elemento inicial empresario
9 (RLIN) 28188
653 10 - TÉRMINO DE INDEXACIÓN--NO CONTROLADO
Término no controlado Empresa
650 #4 - ASIENTO SECUNDARIO DE MATERIA--TÉRMINO DE MATERIA
9 (RLIN) 28300
Término de materia o nombre geográfico como elemento inicial política de empleo
700 1# - ENCABEZAMIENTO SECUNDARIO--NOMBRE PERSONAL
Nombre de persona Thévenot, Céline
9 (RLIN) 24845
700 1# - ENCABEZAMIENTO SECUNDARIO--NOMBRE PERSONAL
Nombre de persona Marioni, Pierre
9 (RLIN) 17576
773 0# - ENTRADA DE DOCUMENTO FUENTE
Título Partage
Parte(s) relacionada(s) nº 212 (oct. 2010){10427 R. 078020}; p. 62-64
Número de control del registro relacionado (ES-MaCES)25436
Itemnumber del ítem fuente 57678
902 ## - CES. TIPO DE DOCUMENTO
Tipodoc (006$c Sirtex) ART Artículo de revista
942 ## - ELEMENTOS KOHA
Fuente de clasificaión o esquema Clasificación propia del CES
Koha [por defecto] tipo de item Artículos (1982-2017)
Parte de clasificación 0.0.

No hay ítems disponibles.

© CES, Consejo Económico y Social de España 2021